Transmissions line reference book (Record no. 14284)

MARC details
000 -LEADER
fixed length control field 00232nam a22000977a 4500
082 ## - DEWEY DECIMAL CLASSIFICATION NUMBER
Classification number ELE
100 ## - MAIN ENTRY--AUTHOR NAME
Personal name Electric Power Research
245 ## - TITLE STATEMENT
Title Transmissions line reference book
260 ## - PUBLICATION, DISTRIBUTION, ETC. (IMPRINT)
Name of publisher Electric Power Research
Year of publication 1980
942 ## - ADDED ENTRY ELEMENTS (KOHA)
Koha item type Books
Holdings
Withdrawn status Lost status Home library Current library Date acquired Full call number Accession Number Koha item type
    Central Library, QUEST, Nawabshah Central Library, QUEST Campus, Larkano 16/10/2015 ELE 12362 Books
    Central Library, QUEST, Nawabshah Central Library, QUEST, Nawabshah 16/10/2015 ELE 12360 Books
    Central Library, QUEST, Nawabshah Central Library, QUEST, Nawabshah 16/10/2015 ELE 12361 Books